00313nam a2200133Ia 4500008004100000041000800041082001500049100001500064245002300079260003900102300001600141365001100157650001100168210719s1979 xx 000 0 und d aeng a581.5 NAIF aNAIK (V N) aFlora of Osmanabad aAurangabadbVenus publishersc1979 axiv,466bHB b60cRs aBotany